00499nam a2200133Ia 4500041001200000082001200012100007900024245011200103260006000215300000900275650002900284650003100313700002100344 aEnglish aRS.0805 aS N, Rajesh RajuCentre for Multi-Disciplinary Development Research (CMDR) 0aWhat sector can be engines of growth? An analysis of manufacturing and services in India / cRajesh Raj S N aNew Delhi :bIndian Council of Social Science Research, a115p aEngines of growthzIndia aManufacturing and services aKathuria, Vinish